| 000 | 01532nam0a2200337 4500 | ||
|---|---|---|---|
| 001 | RU\NLR\b_ik\151682 | ||
| 005 | 20250616225953.0 | ||
| 010 |
_a5-8044-0622-1 _9300 |
||
| 035 | _a(NLR Aleph) 002224744 | ||
| 090 |
_a3347058 _c3347058 |
||
| 100 | _a20060928d2005 |||y0rusy50 ca | ||
| 101 | 1 |
_aeng _crus |
|
| 102 | _aRU | ||
| 105 | _aab ||||||||| | ||
| 200 | 1 |
_aTransboundary geo-systems in the South of the Russian Far East and in Northeast China _fS.S. Ganzey _gRuss. acad. of sciences, Far Eastern branch, Pacific inst. of geography, Inst. for humanity a. nature , Kyoto, Japan |
|
| 210 |
_aVladivostok _cDalnauka _d2005 |
||
| 215 |
_a234, [1] с., [2] л. цв. карт. _cдиагр., карт. _d25 |
||
| 320 | _aБиблиогр.: с. 221-232 | ||
| 541 | 0 |
_aТрансграничные геосистемы юга Дальнего Востока России и Северо-Востока Китая _zrus |
|
| 606 | 1 |
_aГеосистемы _yДальний Восток Российской Федерации _92359995 _3RU\NLR\AUTH\661409354 |
|
| 606 | 1 |
_aГеосистемы _yКитай _92359997 _3RU\NLR\AUTH\661409355 |
|
| 686 | 4 | _aД821.9(2Р55) | |
| 686 | 4 | _aД821.9(54Кит) | |
| 686 | 4 | _aУ04(2Р55) | |
| 686 | 4 | _aУ04(5Кит) | |
| 700 | 1 |
_aGanzey _bS. S. _gSergej Stepanovič _4070 |
|
| 801 | 0 |
_aRU _bNLR _c20060928 _gPSBO |
|
| 830 | _aкнига была на русском языке в 2004 году N записи 600086 | ||
| 942 | _cBOOK | ||
| 980 | _aNB | ||